Vem aí um novo embate (Registro n. 332165)
[ somente texto ]
| 000 -LÍDER | |
|---|---|
| fixed length control field | 00730nab a2200229 4500 |
| 003 - CÓDIGO MARC DA AGÊNCIA CATALOGADORA | |
| Campo de controle | BR-BrBNA |
| 005 - DATA E HORA DA ÚLTIMA ATUALIZAÇÃO | |
| Campo de controle | 20250621141224.0 |
| 008 - CAMPO DE TAMANHO FIXO | |
| fixed length control field | 250621b bl.||||| |||| 00| 0 por d |
| 040 ## - FONTE DA CATALOGAÇÃO | |
| Agência catalogadora | BR-BrBNA |
| Idioma da catalogação | por |
| 072 ## - CATEGORIA AGRIS | |
| Código AGRIS | E11 ; E16 |
| 100 ## - ENTRADA PRINCIPAL - NOME PESSOAL | |
| Nome pessoal | Andrade, Lívia |
| 245 ## - TÍTULO PRINCIPAL | |
| Título principal | Vem aí um novo embate |
| Subtítulo | Agroeconomia |
| 500 ## - NOTA GERAL | |
| Nota geral | 2 illus. |
| 942 ## - ADDED ENTRY ELEMENTS (KOHA) | |
| Koha item type | Analítica |
| 650 ## - ASSUNTO - THESAGRO | |
| Cabeçalho tópico ou nome geográfico | TERRA |
| 650 ## - ASSUNTO - THESAGRO | |
| Cabeçalho tópico ou nome geográfico | PRODUTIVIDADE |
| 650 ## - ASSUNTO - THESAGRO | |
| Cabeçalho tópico ou nome geográfico | DESAPROPRIAÇÃO |
| 650 ## - ASSUNTO - THESAGRO | |
| Cabeçalho tópico ou nome geográfico | GRANDE PRODUTOR |
| 650 ## - ASSUNTO - THESAGRO | |
| Cabeçalho tópico ou nome geográfico | REFORMA AGRÁRIA |
| 773 0# - ENTRADA ANALÍTICA | |
| Host Biblionumber | 1706 |
| Registro do item | 347886 |
| Imprenta | São Paulo-SP Editora Três Ltda - E-mail: luizfsa@revistadinheiro.com.br 2004 |
| Outro identificador | 2025-0385 |
| Título | Dinheiro Rural (Brazil) |
| ISSN | 1807-3700 |
| Colação | v. 6(59) p. 26-28; (Sep 2009) |
| Número de controle de registro | BR2025003583 |
Nenhum exemplar disponível.

BINAGRI